Cyrano de Bergerac / (Registro nro. 8817)

Detalles MARC
000 -LIDER
fixed length control field 00868nam a22002897a 4500
001 - NÚMERO DE CONTROL
Identificador de número de control 00260
003 - IDENTIFICACDOR DE NÚMERO DE CONTROL
control field DO-SdBNP
005 - DATE AND TIME OF LATEST TRANSACTION
control field 20151119130323.0
007 - CAMPOS FIJOS DE DESCRIPCIÓN FÍSICA
fixed length control field 00260
008 - ELEMENTOS DE LONGITUD FIJA
fixed length control field 151119b 2004 sp xxu||||| |||| 00| 0 spa d
020 ## - ISBN
International Standard Book Number 8467016311
040 ## - FUENTE DE CATALOGACIÓN
Agencia que crea de manera original el registro BPMSU
Idioma de catalogación spa
Agencia que realiza la transcripción BPMSU
092 ## - LOCALLY ASSIGNED DEWEY DECIMAL CALL NUMBER
Número de clasificación xxxxx
Número de ítem (Cutter) xxxxx
100 1# - ASIENTO PRINCIPAL -- NOMBRE PERSONAL
Nombre personal Rostand, Edmond,
Término de relación 1868-1918.
245 10 - MENCIÓN DE TITULO
Título Cyrano de Bergerac /
Mención de responsabilidad Edmond Rostand ; prólogo Jesús Pardo ; introducción Luis Vía, José O. Martí y Emilio Tintorer.
260 ## - PUBLICACIÓN, DISTRIBUCIÓN, ETC. (PIE DE IMPRENTA)
Lugar de publicación, distribución, etc Pozuelo de Alarcón, Madrid :
Nombre del editor, distribuidor, etc. Espasa Calpe,
Fecha de publicación, distribución, etc 2004.
300 ## - DESCRIPCIÓN FÍSICA
Extensión v.
Dimensiones 18 cm.
490 1# - MENCIÓN DE SERIES
Mención de serie austral
700 12 - ASIENTO SECUNDARIO -- NOMBRE PERSONAL
Nombre personal Pardo, Jesús,
Mención de responsabilidad pról.
700 12 - ASIENTO SECUNDARIO -- NOMBRE PERSONAL
Nombre personal Vía, Luis,
Mención de responsabilidad introd.
700 12 - ASIENTO SECUNDARIO -- NOMBRE PERSONAL
Nombre personal Tintorer, Emilio,
Mención de responsabilidad introd.
700 12 - ASIENTO SECUNDARIO -- NOMBRE PERSONAL
Nombre personal Martí, José O.,
Mención de responsabilidad introd.
830 ## - ASIENTO SECUNDARIO DE SERIE--TÍTULO UNIFORME
Título uniforme Austral
910 ## - VALIDACIÓN
Validación 00260
942 ## - ADDED ENTRY ELEMENTS (KOHA)
Source of classification or shelving scheme Dewey Decimal Classification
Koha item type Libros
956 ## - LOCAL ELECTRONIC LOCATION AND ACCESS (OCLC)
Nombre de host Lorenza Pérez
Número de acceso 10
Existencias
Withdrawn status Lost status Source of classification or shelving scheme Damaged status Not for loan Collection code Home library Current library Date acquired Source of acquisition Total Checkouts Barcode Date last seen Copy number Price effective from Koha item type
    Dewey Decimal Classification     Colección General Biblioteca Pública Metropolitana Salomé Ureña Biblioteca Pública Metropolitana Salomé Ureña 11/19/2015 Donación   BPMSU15110386 11/19/2015 v. 1 11/19/2015 Libros
    Dewey Decimal Classification     Colección General Biblioteca Pública Metropolitana Salomé Ureña Biblioteca Pública Metropolitana Salomé Ureña 11/19/2015 Donación   BPMSU15110387 11/19/2015 v. 2 11/19/2015 Libros